000 01860nam a2200553 i 4500
001 45394
003 KOSZ 005
005 20201027085749.0
008 040719s2004 pl a f f |000 0 pol
015 _aPB 2004/16043
020 _a8388785486
035 _a991024298709705066
035 _a(PL-WaBN)b1663083x-48omnis_nlop
035 _ab1663083x
035 _a(OCoLC)830622523
035 _a(PL)b0000001663083
035 _a(EXLNZ-48OMNIS_NETWORK)9910043269205606
040 _aWA N
_cWA N
_dKOSZ 005/HR
041 0 _apol
046 _k2004
080 _a346.52(438)
080 _a658.2
080 _a347.77/.78(438)
080 _a(07)
100 1 _aWieczorek-Fronia, Małgorzata.
_eAutor
245 1 0 _aŚrodki trwałe oraz wartości niematerialne i prawne 2004 /
_cMałgorzata Wieczorek-Fronia, Małgorzata Grzybowska, Janusz Zubrzycki.
250 _aStan prawny po 1 maja 2004.
260 _aWrocław :
_b"Unimex",
_ccop. 2004.
300 _a543, [6] s. :
_btab. ;
_c24 cm.
336 _2rdacontent
_aTekst
_btxt
337 _2rdamedia
_aBez urządzenia pośredniczącego
_bn
338 _2rdacarrier
_aWolumin
_bnc
380 _aKsiążki
380 _aPublikacje fachowe
388 _a2001-
648 7 _a2001-
650 7 _aMajątek trwały
_2DBN
658 _aGospodarka, ekonomia, finanse
658 _aPrawo i wymiar sprawiedliwości
651 _aPolska
655 7 _aPodręcznik
_2DBN
650 7 _aWartości niematerialne i prawne
700 1 _aGrzybowska, Małgorzata.
_eAutor
700 1 _aZubrzycki, Janusz
_eAutor
710 2 _aOficyna Wydawnicza Unimex, Renata Zubrzycka
_4pbl
856 _uhttp://koha.tu.koszalin.pl/cgi-bin/koha/opac-detail.pl?biblionumber=45394
_yKatalog online BPK
942 _2UKD
_cKS
999 _c45394
_d45394